000
00226nam a22000857a 4500
008
170119b xxu||||| |||| 00| 0 eng d
100
_9
2492
_a
Butterfied.J.
245
_a
Oxford A-Z of English Usage
260
_a
New Delhi
_b
Oxford
_c
2011
999
_c
5558
_d
5558